000 00350nam a22001337a 4500
020 _a978-0439-99909-0
082 _a823
_b11536
100 _aANDREW DONKIN
245 _aROALD DAHL AND HIS CHOCOLATE FACTORY
260 _aUNITED KINGDOM
_bSCHOLASTIC CHILDREN'S BOOK
_c2002
300 _a192
650 _aCHILDREN'S STORY BOOK
_zUNITED KINGDOM
942 _cBK
999 _c46
_d46